| 000 | 01317cam a22003134a 4500 | ||
|---|---|---|---|
| 005 | 20260322212040.0 | ||
| 008 | data | ||
| 010 | _a 2006005710 | ||
| 020 | _a0810954850 (hardcover with jacket) | ||
| 020 | _a9780810954854 | ||
| 040 |
_aDLC _cDLC _dDLC _dBAKER _dOCO _dDLC |
||
| 042 | _apcc | ||
| 043 | _an-us--- | ||
| 050 | 0 | 0 |
_aGB1215 _b.P286 2006 |
| 082 | 0 | 0 |
_a551.48/30973 _222 |
| 092 | _a551.48 Pal 2006 | ||
| 100 | 1 |
_aPalmer, Tim, _d1948- |
|
| 245 | 1 | 0 |
_aRivers of America / _cTim Palmer. |
| 260 |
_aNew York : _bAbrams, _c2006. |
||
| 300 |
_a223 p. : _bchiefly col. ill. ; _c29 cm. |
||
| 504 | _aIncludes bibliographical references (p. 215-[217]) and index. | ||
| 650 | 0 |
_aRivers _zUnited States. |
|
| 650 | 0 |
_aRivers _zUnited States _vPictorial works. |
|
| 856 | 4 | 1 |
_3Table of contents _uhttp://www.loc.gov/catdir/toc/ecip068/2006005710.html |
| 906 |
_a7 _bcbc _corignew _d1 _eecip _f20 _gy-gencatlg |
||
| 925 | 0 |
_aacquire _b2 shelf copies _xpolicy default |
|
| 955 |
_djb10 2006-02-21 _ejb10 2006-02-21 to Dewey _fjb17 2006-11-17 Z-CipVer _gjb17 2006-11-17 to BCCD |
||
| 001 | data | ||
| 999 |
_c935 _d935 |
||